000 00533nam a2200157Ia 4500
003 IN-BaIIA
008 211028s9999 xx 000 0 eng d
040 _cIIA Library
245 0 _aannual review of astronomy and astrophysics
_bvol. 14
_cedited by G. R. Burbridge
260 _bAnnual Reviews
_c1976
650 _aAstronomy and astrophysics thesaurus
650 _aAstronomy-Periodicals
_94087
650 _aAstrophysics-Periodicals
_94088
700 _aBurbridge, G. R., ed.
_99428
942 _cBK
999 _c5418
_d5418